Európa - "unitas multiplex"

Úvaha autorky o novej Európe ako jednote v mnohorakosti. Dejiny Európy. Ak chce Európska únia rásť, a nielen sa rozširovať, mali by sme hovoriť viac o kvalite integračného procesu, nielen o kvantite. Otázka vzťahu Európy s ostatným svetom

Enregistré dans:
Détails bibliographiques
Auteur principal: Chudová, Ľudmila
Format: Chapitre de livre
Langue:slovaque
Sujets:
Tags: Ajouter un tag
Pas de tags, Soyez le premier à ajouter un tag!

MARC

LEADER 00000naa$a2200000$$$4500
001 0022005
005 20220919120211.1
041 0 |a slo 
044 |a SK 
245 1 0 |a Európa - "unitas multiplex"  |c Ľudmila Chudová 
520 |a Úvaha autorky o novej Európe ako jednote v mnohorakosti. Dejiny Európy. Ak chce Európska únia rásť, a nielen sa rozširovať, mali by sme hovoriť viac o kvalite integračného procesu, nielen o kvantite. Otázka vzťahu Európy s ostatným svetom 
610 2 0 |a Európa 
610 2 0 |a Európska únia 
610 2 0 |a integrácia 
610 2 0 |a národ 
100 1 |a Chudová, Ľudmila